Bí quyết buôn bán

সংরক্ষণ করুন:
গ্রন্থ-পঞ্জীর বিবরন
প্রধান লেখক: Phạm, Côn Sơn
বিন্যাস: গ্রন্থ
ভাষা:Undetermined
প্রকাশিত: Hà Nội Thanh Niên 2003
বিষয়গুলি:
ট্যাগগুলো: ট্যাগ যুক্ত করুন
কোনো ট্যাগ নেই, প্রথমজন হিসাবে ট্যাগ করুন!
Thư viện lưu trữ: Trung tâm Học liệu Trường Đại học Cần Thơ
LEADER 00499nam a2200193Ia 4500
001 CTU_64994
008 210402s9999 xx 000 0 und d
020 |c 18000 
082 |a 658.8 
082 |b S464 
100 |a Phạm, Côn Sơn 
245 0 |a Bí quyết buôn bán 
245 0 |c Phạm Côn Sơn 
260 |a Hà Nội 
260 |b Thanh Niên 
260 |c 2003 
650 |a Commerce 
904 |i Mai Loan,Hải 
980 |a Trung tâm Học liệu Trường Đại học Cần Thơ